000 00483nam a2200157Ia 4500
008 160114s9999 xx 000 0 und d
020 _a9717710007
050 _a720.9
050 _b.Sa237w 1997
100 _aSantos, Evangeline.
245 _aWhen I Grow Up I want to Be An Architect /
_cEvangeline Santos.
260 _aManila, Philippines :
_bMuseo Pambata Foundation Inc
_c1997
300 _a 24 pages ;
_c28 cm.
650 _aOccupations --
650 _xJuvenile literature.
999 _c290330
_d290330